|
|
|
|
| LEADER |
01004nam a2200265 a 4500 |
| 001 |
c000167882 |
| 003 |
CARM |
| 005 |
19750224000000.0 |
| 008 |
750211s1974 nyu b 001 0 eng |
| 019 |
1 |
|
|a 451241
|z 21706632
|z 27523156
|5 LACONCORD2021
|
| 020 |
|
|
|a 0824762606
|
| 035 |
|
|
|a (OCoLC)1206054
|5 LACONCORD2021
|
| 040 |
|
|
|a LC
|b eng
|c LC
|
| 050 |
0 |
0 |
|a QD8.5
|b .W66
|
| 082 |
0 |
4 |
|a 540/.7
|
| 100 |
1 |
|
|a Woodburn, Henry Milton,
|d 1902-
|
| 245 |
1 |
0 |
|a Using the chemical literature :
|b a practical guide /
|c Henry M. Woodburn.
|
| 260 |
|
|
|a New York :
|b M. Dekker,
|c [1974]
|
| 300 |
|
|
|a viii, 302 p. ;
|c 22 cm.
|
| 440 |
|
0 |
|a Books in library and information science ;
|v v. 11.
|
| 504 |
|
|
|a Includes bibliographical references and index.
|
| 650 |
|
0 |
|a Chemical literature.
|
| 852 |
8 |
|
|b CARM
|h A2:AJ04B0
|i B05249
|p 0225255
|f BK
|
| 999 |
f |
f |
|i 01b0f97f-356d-52fd-a486-65a9fa9545bb
|s 33fda35a-e64f-5bdf-a958-043dcbbfbf8e
|
| 952 |
f |
f |
|p Can circulate
|a CAVAL
|b CAVAL
|c CAVAL
|d CARM 1 Store
|e B05249
|f A2:AJ04B0
|h Other scheme
|i book
|m 0225255
|